Διδακτική της ιστορίας : επιστήμη, διδασκαλία, μάθηση

Αποθηκεύτηκε σε:
Λεπτομέρειες βιβλιογραφικής εγγραφής
Κύριος συγγραφέας: Κάββουρα, Θεοδώρα
Μορφή: Βιβλίο
Γλώσσα:Greek
Δημοσίευση: Αθήνα : Μεταίχμιο, 2010.
Σειρά:Επιστήμες (Μεταίχμιο)
Θέματα:
Ετικέτες: Προσθήκη ετικέτας
Δεν υπάρχουν, Καταχωρήστε ετικέτα πρώτοι!

MARC

LEADER 00000nam a2200000 a 4500
001 1/111110
008 160610s2010####gr | ||| |||| ||gre||
020 |a 9789605012915 
040 |a GR-MyUa  |b gre  |c GR-MyUa  |e AACR2 
041 0 |a gre 
082 7 |a 907.2   |2 (23)  
100 1 |a Κάββουρα, Θεοδώρα. 
245 1 0 |a Διδακτική της ιστορίας :   |b επιστήμη, διδασκαλία, μάθηση /   |c Δώρα Κάββουρα.  
260 |a Αθήνα :   |b Μεταίχμιο,   |c 2010.  
300 |a 193 σ. ;   |c 24 εκ.  
490 1 |a (Επιστήμες)  
504 |a Περιλαμβάνει βιβλιγοραφία.  
650 0 |a Historiography  |x Methodology. 
650 0 |a History  |x Study and teaching. 
830 0 |a Επιστήμες (Μεταίχμιο) 
852 |a INST  |b LESVOS  |c EUDOXUS  |e 20160610  |h 907.2 ΚΑΒ  |p 005100058483  |q 005100058483  |t EDX  |y 0 
920 |a Εύδοξος  |b Παραγγελία  |y Λέσβος-ΤΚΑΙ  |z 2016-04 
970 |a Τζαφέρη  |b Ευαγγελία  |z 10-06-2016